Monster Movies - The Last 40 Years - Statistics

General Stats
  • This quiz has been taken 16 times
  • The average score is 12 of 41
Answer Stats
Picture Answer % Correct
Alien³ (1992)
93%
Jurassic Park (1993)
93%
Tremors (1990)
79%
Kong: Skull Island (2017)
71%
The Lost Boys (1987)
71%
Teen Wolf (1985)
64%
Cloverfield (2008)
50%
Critters (1986)
50%
Hellboy (2019)
50%
Piranha (2010)
50%
The Mummy (1999)
50%
Van Helsing (2004)
50%
Rampage (2018)
36%
Godzilla x Kong: The New Empire (2024)
29%
Jeepers Creepers (2001)
29%
Pet Sematary (1989)
29%
Pitch Black (2000)
29%
Vampire In Brooklyn (1995)
29%
Wolf (1994)
29%
Pumpkinhead (1988)
21%
The Host (2006)
21%
Troll (2022)
21%
Colossal (2016)
14%
Death Of A Unicorn (2025)
14%
Ernest Scared Stupid (1991)
14%
Goosebumps (2015)
14%
Monster Hunter (2020)
14%
The Last Voyage Of The Demeter (2023)
14%
30 Days Of Night (2007)
7%
An American Werewolf In Paris (1997)
7%
Bad Moon (1996)
7%
Cursed (2005)
7%
Darkness Falls (2003)
7%
Daybreakers (2009)
7%
Deep Rising (1998)
7%
Dog Soldiers (2002)
7%
Fright Night (2011)
7%
I, Frankenstein (2014)
7%
Night Teeth (2021)
7%
Only Lovers Left Alive (2013)
7%
Werewolf: The Beast Among Us (2012)
7%
No matching quizzes found
Score Distribution
Percent of People with Each Score
Percentile by Number Answered
Your Score History
You have not taken this quiz